Вираження ментальності в англомовній рекламі (Запис № 284194)
[ простий вигляд ]
| 000 -LEADER | |
|---|---|
| fixed length control field | 02198nam a22001577a 4500 |
| 041 ## - LANGUAGE CODE | |
| Language code of text/sound track or separate title | ukr |
| 080 ## - UNIVERSAL DECIMAL CLASSIFICATION NUMBER | |
| Universal Decimal Classification number | 09 |
| 090 ## - LOCALLY ASSIGNED LC-TYPE CALL NUMBER (OCLC); LOCAL CALL NUMBER (OCLC) | |
| Local cutter number (OCLC) ; Book number/undivided call number, CALL (RLIN) | ПАН |
| 100 ## - MAIN ENTRY--PERSONAL NAME | |
| Personal name | Панчук Д.М. |
| 245 ## - TITLE STATEMENT | |
| Title | Вираження ментальності в англомовній рекламі |
| 260 ## - PUBLICATION, DISTRIBUTION, ETC. (IMPRINT) | |
| Place of publication, distribution, etc | Острог |
| Name of publisher, distributor, etc | КАФ |
| Date of publication, distribution, etc | 2009 |
| 300 ## - PHYSICAL DESCRIPTION | |
| Extent | 69 |
| 520 ## - SUMMARY, ETC. | |
| Summary, etc | ВСТУП<br/>РОЗДІЛ 1 РЕКЛАМА, МЕНТАЛЬНІСТЬ, КУЛЬТУРА<br/>1.1 Реклама: поняття і функції, завдання і види.<br/>1.2 Психолінгвістичні особливості рекламного тексту.<br/>1.3 Процес еволюції видів та спосоібв реклами.<br/>1.4 Поняття "ментальність" та його взаємозвязок з культурою народів. Теорія культур Г.Хофстеде.<br/>РОЗДІЛ 2 ВИРАЖЕННЯ МЕНТАЛЬНОСТІ НА ПРИКЛАДАХ АМЕРИКАНСЬКОЇ ТА БРИТАНСЬКОЇ АНГЛОМОВНОЇ РЕКЛАМИ<br/>2.1 Емоційно-образне сприйняття американської та британської реклами носіями іншої ментальності.<br/>2.1.1 Американська ментальність в емоційно-образних характеристиках американської реклами.<br/>2.1.2 Британська ментальність в емоційно-образних характеристиках британської реклами.<br/>2.2 Порівняльна характеристика американської та британської ментальності у рекламі (на основі теорії культур Г.Хофстеде).<br/>2.2.1 Дистанція влади (Power Distance) та індивідуалізм (Individualism).<br/>2.2.2 Гендерна спрямованість (Masculinity/Feminity)/<br/>2.2.3 Уникнення невизначеності (Uncertainty Avoidance) та часова орієнтація (Time Orientation).<br/>ВИСНОВКИ |
| -- | реклама,ментальність,культура |
| 650 ## - SUBJECT ADDED ENTRY--TOPICAL TERM | |
| Topical term or geographic name as entry element | Research Papers |
| 942 ## - ADDED ENTRY ELEMENTS (KOHA) | |
| Koha item type | Книги |
| Withdrawn status | Lost status | Source of classification or shelving scheme | Damaged status | Not for loan | Home library | Current library | Date acquired | Source of acquisition | Cost, normal purchase price | Total Checkouts | Full call number | Barcode | Date last seen | Price effective from | Koha item type |
|---|---|---|---|---|---|---|---|---|---|---|---|---|---|---|---|
| Universal Decimal Classification | ВІЛ - Відділ іноземн. літератури НБ | ВІЛ - Відділ іноземн. літератури НБ | 16/04/2009 | Акт №1 | 1.00 | 09 | 213453 | 15/12/2021 | 16/04/2009 | Книги |